Quizzes
Events
Quiz Creation
Community
Videos
Private Events
Remove Ads
Sign In
Join for FREE
Feedback
Dark Mode
Quiz Categories
Sports
Geography
Music
Movies
Television
Just For Fun
Miscellaneous
History
Literature
Language
Science
Gaming
Entertainment
Religion
Holiday
For Kids
Quiz Lab
Recent
Popular Today
Quiz Kudos Today
Editor Picks
Curator Picks
Quizzes by...
Day
Popularity
Type
Ratings
Length
Year
Community
Subscriptions
Recent Discussions
Orange Saloon
Badges
Playlists
Quests
Create
Leaderboards
Showdown
Live 5
Trivia Bingo
Activity
Puzzle Library
Sporcle Events
Private Events
Virtual Trivia
Globe League
Become a Host
Pub Owners
SporcleCon
Opinionation
Our Games
Videos
Blog
Mobile Apps
Partnerships
Remove Ads and Go Orange
Feedback
Sports
Athletes
MLB
NBA
NHL
NFL
Soccer
Sports Teams
WWE
NCAA
Football
Premier League
Basketball
Baseball
Hockey
Golf
Tennis
Cricket
Rugby
Auto Racing
Olympics
World Cup
Sports
Athletes
MLB
NBA
NHL
NFL
Soccer
Sports Teams
WWE
NCAA
Football
Premier League
Basketball
Baseball
Hockey
Golf
Tennis
Cricket
Rugby
Auto Racing
Olympics
World Cup
Random Quiz
Search Sporcle
×
Quiz Lab
Quiz Lab
Sports
Numbers
Type in answers that appear in a list
Type in answers that appear in a list
Classic
Best Score? Go Orange.
2009 Top Ten in Each Category Stats
Can you name the 2009 Top Ten in Each Category?
By
RaysRule2010
15m
200 Questions
71 Plays
71 Plays
71 Plays
Comments
Comments
Give Quiz Kudos
Give Quiz Kudos
-
- Ratings
hide this ad
Replay
Link that replays current quiz
Next Quiz
Link to next quiz in quiz playlist
You Got
0%
They Got
Avg Score
48%
Avg Friend Score
Upgrade to see
Score Distribution
Jump to the score distribution portion of the page
Score
0/200
Timer
15:00
0
Plays Today
Category
Name
% Correct
Wins
CC Sabathia
88.7%
Games Started
CC Sabathia
88.7%
Complete Games
Cliff Lee
88.7%
RBI
Derek Lee
88.7%
SLG
Derek Lee
88.7%
OPS
Derek Lee
88.7%
Saves
Mariano Rivera
87.3%
Home Runs
Albert Pujols
85.9%
RBI
Albert Pujols
85.9%
OPS
Albert Pujols
85.9%
AVG
Albert Pujols
85.9%
Wins
Roy Halladay
84.5%
ERA
Roy Halladay
84.5%
Complete Games
Roy Halladay
84.5%
Shutouts
Roy Halladay
84.5%
Strikeouts
Roy Halladay
84.5%
Wins
Chris Carpenter
83.1%
ERA
Chris Carpenter
83.1%
Complete Games
Chris Carpenter
83.1%
Opponents Average
Chris Carpenter
83.1%
Hits
Ichiro
81.7%
Wins
Adam Wainwright
80.3%
ERA
Adam Wainwright
80.3%
Games Started
Adam Wainwright
80.3%
Strikeouts
Adam Wainwright
80.3%
Wins
Felix Hernandez
76.1%
ERA
Felix Hernandez
76.1%
Games Started
Felix Hernandez
76.1%
Strikeouts
Felix Hernandez
76.1%
Opponents Average
Felix Hernandez
76.1%
Home Runs
Adam Lind, Derek Lee
76.1%
Games (Position Player)
Ryan Howard
74.6%
Home Runs
Ryan Howard
74.6%
RBI
Ryan Howard
74.6%
SLG
Ryan Howard
74.6%
ERA
Zach Greinke
71.8%
Complete Games
Zach Greinke
71.8%
Shutouts
Zach Greinke
71.8%
Strikeouts
Zach Greinke
71.8%
Home Runs
Mark Teixeira
71.8%
SLG
Albert Pujols
71.8%
RBI
Mark Teixeira
70.4%
SLG
Mark Teixeira
70.4%
OPS
Mark Teixeira
70.4%
Losses
Doug Davis
69%
ERA
Tim Lincecum
69%
Complete Games
Tim Lincecum
69%
Shutouts
Tim Lincecum
69%
Strikeouts
Tim Lincecum
69%
Opponents Average
Tim Lincecum
69%
Games (Position Player)
Prince Fielder
69%
Home Runs
Prince Fielder
69%
RBI
Prince Fielder
69%
SLG
Prince Fielder
69%
OPS
Prince Fielder
69%
Saves
Jonathan Papelbon
67.6%
Complete Games
Nick Blackburn, Zach Duke, JA Happ, Dan Haren, Kevin Millwood, Roy Oswalt, Joel Pineiro, Javier Vazquez, Justin Verlander
66.2%
Hits
Derek Jeter
66.2%
Hits
Hanley Ramirez
66.2%
OPS
Hanley Ramirez
66.2%
AVG
Hanley Ramirez
66.2%
AVG
Derek Jeter
66.2%
Wins
Josh Beckett
64.8%
Complete Games
Josh Beckett
64.8%
Shutouts
Josh Beckett
64.8%
Stolen Bases
Carl Crawford
64.8%
CS
Carl Crawford
64.8%
Category
Name
% Correct
Wins
Justin Verlander
63.4%
Games Started
Justin Verlander
63.4%
Strikeouts
Justin Verlander
63.4%
AVG
Todd Helton
63.4%
Games (Position Player)
Orlando Cabrera
62%
Games (Position Player)
Miguel Cabrera
62%
Hits
Miguel Cabrera
62%
AVG
Miguel Cabrera
62%
Hits
Joe Mauer
60.6%
SLG
Joe Mauer
60.6%
OPS
Joe Mauer
60.6%
AVG
Joe Mauer
60.6%
Games
Mike Gonzalez
59.2%
Games (Position Player)
Adrian Gonzalez
59.2%
Home Runs
Adrian Gonzalez
59.2%
Home Runs
Carlos Pena
59.2%
OPS
Adrian Gonzalez
59.2%
Stolen Bases
Jacoby Ellsbury
57.7%
CS
Jacoby Ellsbury
57.7%
Stolen Bases
Ian Kinsler, Jimmy Rollins
54.9%
AVG
Michael Young
54.9%
Strikeouts
Jon Lester
53.5%
Shutouts
Cole Hamels
52.1%
Home Runs
Mark Reynolds
52.1%
RBI
Adam Lind
52.1%
SLG
Adam Lind
52.1%
Hits
Ryan Braun
50.7%
RBI
Jason Bay
50.7%
RBI
Ryan Braun
50.7%
ERA
Matt Cain
49.3%
Complete Games
Matt Cain
49.3%
Saves
Joe Nathan
49.3%
Strikeouts
Dan Haren
49.3%
Opponents Average
Dan Haren
49.3%
Home Runs
Adam Dunn
49.3%
RBI
Evan Longoria
49.3%
AVG
Ichiro
49.3%
ERA
Javier Vazquez
47.9%
Shutouts
Ervin Santana, Jered Weaver
47.9%
Saves
Brian Wilson
47.9%
Strikeouts
Javier Vazquez
47.9%
Opponents Average
Javier Vazquez
47.9%
Stolen Bases
Michael Bourn
47.9%
CS
Michael Bourn
47.9%
CS
Juan Pierre
47.9%
Saves
Brian Fuentes
46.5%
Games (Position Player)
Robinson Cano
46.5%
Hits
Robinson Cano
46.5%
Hits
Aaron Hill
46.5%
SLG
Joey Votto
46.5%
OPS
Joey Votto
46.5%
AVG
Joey Votto
46.5%
Wins
Jered Weaver, Joe Saunders, Zach Greinke
45.1%
Saves
Heath Bell
45.1%
OPS
Kevin Youkilis
45.1%
Complete Games
Jered Weaver
43.7%
Saves
Francisco Cordero
43.7%
Opponents Average
Ubaldo Jimenez
43.7%
Stolen Bases
BJ Upton
43.7%
CS
BJ Upton
43.7%
Home Runs
Jason Bay, Jayson Werth, Aaron Hill
40.8%
Losses
Derek Holland, John Lannan, Francisco Liriano, Jason Marquis, Chris Volstad, Barry Zito
39.4%
Games Started
Doug Davis
39.4%
Stolen Bases
Rajai Davis
39.4%
Stolen Bases
Matt Kemp
39.4%
CS
Rajai Davis
39.4%
Games Started
Derek Lowe
36.6%
Category
Name
% Correct
Holds
Mark Lowe
36.6%
Games (Position Player)
Andre Ethier
35.2%
RBI
Kendry Morales, Victor Martinez, Aaron Hill
35.2%
ERA
Clayton Kershaw
32.4%
Opponents Average
Clayton Kershaw
32.4%
CS
Hunter Pence, Troy Tulowitzki
32.4%
Losses
Zach Duke
31%
Saves
Fernando Rodney, Trevor Hoffman
29.6%
Games (Position Player)
Curtis Granderson
29.6%
CS
Scott Podsednik
29.6%
Hits
Miguel Tejada
28.2%
Stolen Bases
Chone Figgins
28.2%
CS
Chone Figgins
28.2%
SLG
Kendry Morales
28.2%
Saves
Ryan Franklin
26.8%
Strikeouts
Yovani Gallardo
26.8%
Opponents Average
Yovani Gallardo
26.8%
Shutouts
JA Happ
25.4%
Hits
Pablo Sandoval
25.4%
SLG
Pablo Sandoval
25.4%
OPS
Ben Zobrist
25.4%
AVG
Pablo Sandoval
25.4%
ERA
Jair Jurrjens
23.9%
Games Started
Jair Jurrjens
23.9%
Losses
Bronson Arroyo
22.5%
Complete Games
Bronson Arroyo
22.5%
Shutouts
Bronson Arroyo
22.5%
Losses
Jeremy Guthrie
21.1%
Losses
Aaron Harang
21.1%
Opponents Average
Jonathan Sanchez
19.7%
Games (Position Player)
Nick Markakis
19.7%
Games
Carlos Marmol
18.3%
Games
Craig Breslow, Rafael Soriano
18.3%
Holds
Carlos Marmol
18.3%
Stolen Bases
Nyjer Morgan
18.3%
CS
Nyjer Morgan
18.3%
Holds
Arthur Rhodes, Peter Moylan
16.9%
Games Started
Bronson Arroyo
15.5%
Games Started
Randy Wolf
14.1%
Opponents Average
Randy Wolf
14.1%
Wins
Scott Feldman
12.7%
Saves
David Aardsma
12.7%
Games (Position Player)
Brandon Inge
12.7%
Stolen Bases
Elvis Andrus
12.7%
Losses
Jon Garland
11.3%
Games
Ryan Madson
11.3%
Shutouts
Joel Pineiro
11.3%
Holds
Ryan Madson
11.3%
Losses
Trevor Cahill
9.9%
Games
Peter Moylan
9.9%
Shutouts
Jeff Niemann
9.9%
Games
Pedro Feliciano
8.5%
Games
Sean Green
8.5%
Holds
Luke Gregerson
5.6%
Games
Matt Guerrier
4.2%
Holds
Matt Guerrier
4.2%
Wins
Jorge De La Rosa
2.8%
Games Started
Braden Looper
2.8%
Holds
Jeremy Affeldt
2.8%
Holds
Bobby Seay
2.8%
Losses
Jose Contreras
1.4%
Losses
Luke Hochevar
1.4%
Games
Todd Coffey
1.4%
Games
Eric O'Flaherty
1.4%
Holds
Todd Coffey
1.4%
Holds
Jose Mijares
1.4%
Quiz Playlist
Details
Report
Send in Message
Add To Playlist
Classic:
Type in answers that appear in a list
Last Updated: Feb 16, 2017
Quiz Scoreboard
CHALLENGE
Sign Up to Join the Scoreboard
Show All
Scores
Hide
Comments
May contain spoilers
Recently Published
NBA Finals Game Top Scorers (2010s)
by flibbidy
Sports
5m
Guess the 'R' Things in 3 Words
by MSUKent
Miscellaneous
3m
Actor to Badly Drawn Movie III
by MoMosMoProblems
Movies
5m
More to Explore
Quiz From the Vault
Featured Blog Post
Where Does Lost Luggage Go?
hide this ad
You Might Also Like...
Tags
Numbers Quiz
2009
Category
ten
Today's Top Quizzes in Sports
Browse Sports
hide this ad
Today's Top Quizzes in Numbers
Browse Numbers
Top Contributed Quizzes in Sports
1
Les joueurs à 100 buts en Ligue 1 Uber Eats
2
2022 World Cup Stars
3
Millionaire: NBA Finals Edition
4
2024 March Madness Bracket
5
Players with Multiple 50 Home Run Seasons
6
Criteria MLB: Left Handed Sluggers
7
Nickname Match: Athletes VI
8
Iconic Moments in Football - Multiple Choice
9
NFL MVPs ordered
10
NBA Championships Per City
Explore More
Trending Topics
Crossword
Marvel
Disney
Harry Potter
NBA
Kpop
Anime
Country
The Office
WWE
Soccer
NFL
Pokémon
Puzzle
Song
hide this ad
More By:
RaysRule2010
Quiz
Plays
Rating
Category
Featured
Created
Sports Logos II
316,211
4.02
Sports
Feb 5, 2011
Safe Cracker: Sports
282,015
2.50
Sports
Jan 13, 2011
Baby Names: Per Letter (2000s)
89,912
3.89
Miscellaneous
Dec 13, 2010
'S' Country per Second Letter
78,298
4.56
Geography
Feb 7, 2011
Cleveland Cavaliers All-Time Leaders
76,910
4.45
Sports
Feb 19, 2014
Go to Creator's Profile
Score Distribution
Quiz Creator Spotlight
RaysRule2010
Follow
Send a Message
Quizzes Created
-
Created Quiz Play Count
-
More By This Creator
Popular Quizzes Today
1
Find the US States - No Outlines Minefield
2
Find the US States
3
The Countries of the World
4
10 Largest US States in Order
5
Find the Countries of Europe - No Outlines Minefield
6
US States
7
Guess the 'R' Things in 3 Words
8
NBA Finals Game Top Scorers (2010s)
More Sports Quizzes
Euro 2020 or rather 2021 - Spain
Quiz Lab
Trending Quizzes
First Name TV: Leading Men
Match the Book to the Film II
First Name TV: Leading Women Drama
Match the Book to the Film VI
Pick A Pair: Religious TV
Recently Updated
Women's Final Four Teams by Year
bhenderson79
Presidents Quartet II
eogle
Anything But Clue(do)
eogle
Anything But Oceanian Capitals
eogle
Anything But 7
eogle
Anything But Thing
eogle
Word Ladder: February 29
pecheneg
Song Title Questions
pecheneg
Women's NCAA Tournament #1 Seeds
pecheneg
Celebrity Mug Shots
pecheneg
Trending Topics
Anime
Marvel
Harry Potter
NBA
Kpop
Crossword
Disney
Country
WWE
Pokémon
Soccer
Puzzle
The Office
Song
NFL
Your Account Isn't Verified!
In order to create a playlist on Sporcle, you need to verify the email address you used during registration. Go to your
Sporcle Settings
to finish the process.
Report this User
Report this user for behavior that violates our
Community Guidelines
.
Details:
Send Report
Go to the Sporcle.com Mobile Site →
Comments